[Event "Coimbra Queima das Fitas op"]
[Site "Coimbra"]
[Date "2016.04.24"]
[Round "4"]
[White "Inacio, Rafael Martim Tavar"]
[Black "Oliveira, Ricardo Jorge GB"]
[Result "0-1"]
[WhiteElo "1251"]
[BlackElo "1615"]
[PlyCount "74"]
[EventDate "2016.04.22"]
[EventType "swiss"]
[EventRounds "7"]
[EventCountry "POR"]
[SourceTitle "EXT 2018"]
[Source "ChessBase"]
[SourceDate "2017.10.13"]
[SourceVersion "1"]
[SourceVersionDate "2017.10.13"]
[SourceQuality "1"]

1. e4 e5 2. Nf3 Nc6 3. Bc4 Nf6 4. d3 Be7 5. a3 0-0 6. h3 d6 7. Nc3 a6 8. Be3 b5 9. Ba2 Bd7 10. Nd5 Nxd5 11. Bxd5 Rb8 12. Qd2 Bf6 13. c3 Ne7 14. Bg5 Nxd5 15. exd5 c6 16. c4 bxc4 17. dxc4 e4 18. h4 exf3 19. g3 Re8+ 20. Kf1 Re2 21. Qd3 Bg4 22. dxc6 Qb6 23. Be3 Qxc6 24. h5 h6 25. Kg1 Rexb2 26. Kh2 R2b3 27. Qc2 Bxa1 28. Rxa1 Bxh5 29. c5 Bg6 30. Qc4 dxc5 31. Bxc5 R3b5 32. Qf4 Qxc5 33. Qxf3 Rb2 34. Rf1 Qh5+ 35. Kg1 Qxf3 36. a4 Be4 37. Kh2 Qg2# 0-1

[Event "Coimbra Queima das Fitas op"]
[Site "Coimbra"]
[Date "2015.05.01"]
[Round "2"]
[White "Barata, Manuel Joao Costa S"]
[Black "Oliveira, Ricardo Jorge GB"]
[Result "0-1"]
[WhiteElo "1409"]
[BlackElo "1595"]
[PlyCount "66"]
[EventDate "2015.04.30"]
[EventType "swiss"]
[EventRounds "7"]
[EventCountry "POR"]
[SourceTitle "EXT 2018"]
[Source "ChessBase"]
[SourceDate "2017.10.13"]
[SourceVersion "1"]
[SourceVersionDate "2017.10.13"]
[SourceQuality "1"]

1. f4 Nc6 2. Nf3 d6 3. e3 e5 4. b3 exf4 5. exf4 Qf6 6. d4 Bg4 7. Bb2 Qxf4 8. Be2 Bxf3 9. Bxf3 Qe3+ 10. Qe2 Qxe2+ 11. Bxe2 0-0-0 12. Nd2 d5 13. 0-0-0 Nf6 14. c4 dxc4 15. Nxc4 Bd6 16. d5 Bf4+ 17. Kb1 Rxd5 18. Bxf6 Rxd1+ 19. Rxd1 gxf6 20. g3 Be5 21. Bh5 Rd8 22. Rxd8+ Kxd8 23. Bxf7 Ke7 24. Nxe5 Nxe5 25. Bd5 c6 26. Be4 h6 27. Kc2 Ke6 28. Kc3 f5 29. Bg2 Ng4 30. h4 Ke5 31. Bf3 Nf2 32. h5 Ne4+ 33. Bxe4 Kxe4 0-1

[Event "Figueira da Foz op 7th"]
[Site "Figueira da Foz"]
[Date "2010.11.07"]
[Round "9.30"]
[White "Pena, Helio Adelino Silva"]
[Black "Oliveira, Ricardo Jorge GB"]
[Result "1-0"]
[WhiteElo "1924"]
[BlackElo "1730"]
[PlyCount "123"]
[EventDate "2010.10.31"]
[EventType "swiss"]
[EventRounds "9"]
[EventCountry "POR"]
[SourceTitle "EXT 2011"]
[Source "ChessBase"]
[SourceDate "2010.11.26"]
[SourceVersion "1"]
[SourceVersionDate "2010.11.26"]
[SourceQuality "1"]

1. d4 Nf6 2. c4 e6 3. Nc3 Bb4 4. Qc2 0-0 5. a3 Bxc3+ 6. bxc3 b6 7. e4 d6 8. Bg5 e5 9. f4 Nbd7 10. Nf3 Qe8 11. Bd3 h6 12. fxe5 dxe5 13. Bh4 Nh5 14. 0-0 Nf4 15. Bg3 Nxd3 16. Qxd3 f6 17. Rf2 Bb7 18. Re1 c5 19. dxe5 Nxe5 20. Bxe5 fxe5 21. Qd6 Rd8 22. Qxe5 Qxe5 23. Nxe5 Rxf2 24. Kxf2 Re8 25. Ng4 Rxe4 26. Ne3 Ba6 27. Rd1 Rf4+ 28. Kg3 Rf7 29. a4 Re7 30. Kf2 Rf7+ 31. Ke2 Re7 32. Rd8+ Kf7 33. Kd3 Bb7 34. Nd5 Bxd5 35. cxd5 Rb7 36. Rd6 Ke7 37. Re6+ Kf7 38. Rc6 Rd7 39. c4 Ke7 40. Rg6 Kf7 41. Rg3 Rd6 42. Ke4 g5 43. Ke5 Ke7 44. Rf3 Rg6 45. g4 a6 46. Rb3 Rd6 47. Rc3 Rg6 48. a5 bxa5 49. Ra3 Rf6 50. Rxa5 Rf2 51. Rxc5 Re2+ 52. Kd4 Rxh2 53. Ra5 Rg2 54. c5 Rxg4+ 55. Ke5 Rg1 56. Rxa6 Re1+ 57. Kf5 Rf1+ 58. Kg6 g4 59. Ra7+ Ke8 60. d6 g3 61. c6 g2 62. Ra8# 1-0

[Event "Figueira da Foz op 7th"]
[Site "Figueira da Foz"]
[Date "2010.11.03"]
[Round "5.26"]
[White "Oliveira, Ricardo Jorge GB"]
[Black "Monteiro, Sara Cristina da Si"]
[Result "0-1"]
[WhiteElo "1730"]
[BlackElo "1818"]
[PlyCount "55"]
[EventDate "2010.10.31"]
[EventType "swiss"]
[EventRounds "9"]
[EventCountry "POR"]
[SourceTitle "EXT 2011"]
[Source "ChessBase"]
[SourceDate "2010.11.26"]
[SourceVersion "1"]
[SourceVersionDate "2010.11.26"]
[SourceQuality "1"]

1. e4 d5 2. exd5 Qxd5 3. Nc3 Qa5 4. d4 Nf6 5. Nf3 Bg4 6. h3 Bh5 7. Bd2 c6 8. Bc4 Qd8 9. Qe2 Bxf3 10. Qxf3 Qxd4 11. Bb3 Qe5+ 12. Be3 e6 13. 0-0-0 Nbd7 14. Bf4 Qa5 15. Bd2 Qa6 16. Rhe1 0-0-0 17. Bf4 Bb4 18. Rd4 Qa5 19. a3 Bxc3 20. Ra4 Bxb2+ 21. Kxb2 Qxe1 22. Rxa7 e5 23. Be3 Kc7 24. Ba4 Nd5 25. Bd4 exd4 26. Qg3+ Qe5 27. Rxb7+ Kxb7 28. Qb3+ 0-1

[Event "IECC CL4-2004.11 email"]
[Site "IECC email"]
[Date "2004.06.24"]
[Round "?"]
[White "Oliveira, Ricardo Jorge GB"]
[Black "Endean, Andrew"]
[Result "1/2-1/2"]
[WhiteElo "1667"]
[BlackElo "1665"]
[PlyCount "43"]
[EventDate "2004.??.??"]
[EventType "tourn (corr)"]
[EventRounds "4"]
[SourceTitle "Corr 2008"]
[Source "ChessBase"]
[SourceDate "2008.06.24"]
[SourceVersion "1"]
[SourceVersionDate "2008.06.24"]
[SourceQuality "1"]

1. f4 d5 2. Nf3 Nf6 3. d3 g6 4. e3 Bg7 5. Be2 0-0 6. 0-0 c5 7. Qe1 Nc6 8. c3 b6 9. Qh4 Re8 10. Nbd2 e5 11. fxe5 Nxe5 12. Nxe5 Rxe5 13. Nf3 Re8 14. Bd2 Ba6 15. Rae1 Rc8 16. Ng5 h6 17. Qa4 Bb7 18. Nh3 a6 19. Qc2 b5 20. Bf3 Qc7 21. e4 dxe4 22. dxe4 1/2-1/2

[Event "IECC CL5-2003.13 email"]
[Site "IECC email"]
[Date "2003.06.09"]
[Round "?"]
[White "Oliveira, Ricardo Jorge GB"]
[Black "Flores, Luis"]
[Result "1/2-1/2"]
[WhiteElo "1590"]
[BlackElo "1569"]
[PlyCount "63"]
[EventDate "2003.??.??"]
[EventType "tourn (corr)"]
[EventRounds "4"]
[SourceTitle "Corr 2008"]
[Source "ChessBase"]
[SourceDate "2008.06.24"]
[SourceVersion "1"]
[SourceVersionDate "2008.06.24"]
[SourceQuality "1"]

1. d4 Nf6 2. c4 e5 3. dxe5 Ng4 4. Bf4 Nc6 5. Nf3 Bb4+ 6. Nbd2 Qe7 7. e3 Ngxe5 8. Nxe5 Nxe5 9. Be2 0-0 10. 0-0 Ng6 11. Bg3 Bd6 12. Bxd6 Qxd6 13. Qc2 b6 14. Bf3 Rb8 15. Rfd1 Qe7 16. a3 a5 17. b4 Qe5 18. c5 bxc5 19. Nc4 Qg5 20. Nxa5 Nh4 21. Be4 cxb4 22. Qxc7 Rb5 23. axb4 d5 24. f4 Qf6 25. Qc6 Qxc6 26. Nxc6 dxe4 27. Ne7+ Kh8 28. Ra8 Rxb4 29. Rc1 h6 30. Raxc8 Rxc8 31. Rxc8+ Kh7 32. Rc2 1/2-1/2

[Event "IECC CL5-2003.13 email"]
[Site "IECC email"]
[Date "2003.06.09"]
[Round "?"]
[White "Oliveira, Ricardo Jorge GB"]
[Black "Guelker, Lorenz"]
[Result "1-0"]
[WhiteElo "1561"]
[BlackElo "1462"]
[PlyCount "105"]
[EventDate "2003.??.??"]
[EventType "tourn (corr)"]
[EventRounds "4"]
[SourceTitle "Corr 2008"]
[Source "ChessBase"]
[SourceDate "2008.06.24"]
[SourceVersion "1"]
[SourceVersionDate "2008.06.24"]
[SourceQuality "1"]

1. e4 e5 2. f4 exf4 3. Nf3 Nf6 4. e5 Nh5 5. Be2 d5 6. 0-0 Bg4 7. d4 Nc6 8. Nc3 g6 9. h3 Bf5 10. Ne1 Ng3 11. Rxf4 Nxe2+ 12. Nxe2 Be7 13. Ng3 Bd7 14. c3 Na5 15. Rf2 Bh4 16. Qf3 Qe7 17. Nd3 0-0-0 18. Nc5 c6 19. Bh6 Rhe8 20. Nxd7 Rxd7 21. Qg4 Bxg3 22. Qxg3 c5 23. Bg5 Qf8 24. Rf6 Re6 25. Raf1 Rxf6 26. Rxf6 h6 27. Bf4 Qg7 28. dxc5 h5 29. Rd6 Nc6 30. Rxd7 Kxd7 31. Qd3 Ke6 32. Qb5 f6 33. exf6 Kxf6 34. Qd3 Qf7 35. Bh6 Qe6 36. Qf1+ Qf5 37. Qxf5+ Kxf5 38. b4 Ke4 39. b5 Nd8 40. Bg7 Kf5 41. Bd4 Ke4 42. a4 a5 43. Bf6 Ne6 44. Be7 d4 45. cxd4 Kxd4 46. c6 b6 47. Bd8 Kc5 48. Kf2 Kb4 49. Bxb6 Kxa4 50. c7 Nxc7 51. Bxc7 Kxb5 52. Bxa5 Kxa5 53. Kf3 1-0

[Event "IECC CL5-2003.13 email"]
[Site "IECC email"]
[Date "2003.06.09"]
[Round "?"]
[White "Tosney, Paul"]
[Black "Oliveira, Ricardo Jorge GB"]
[Result "0-1"]
[WhiteElo "1438"]
[BlackElo "1589"]
[PlyCount "42"]
[EventDate "2003.??.??"]
[EventType "tourn (corr)"]
[EventRounds "4"]
[SourceTitle "Corr 2008"]
[Source "ChessBase"]
[SourceDate "2008.06.24"]
[SourceVersion "1"]
[SourceVersionDate "2008.06.24"]
[SourceQuality "1"]

1. d4 c6 2. Nc3 d5 3. f3 Nf6 4. Bg5 Qb6 5. Rb1 Nbd7 6. e4 dxe4 7. fxe4 e5 8. dxe5 Nxe5 9. Nf3 Neg4 10. Qd2 Bb4 11. Rd1 Ba5 12. Qd4 Qxb2 13. Bd2 Bb6 14. Qd6 Bf2+ 15. Ke2 Qb6 16. Bf4 Nh5 17. Rd3 Bc5 18. Qc7 Nxf4+ 19. Qxf4 0-0 20. h3 Nf2 21. Na4 Nxd3 0-1

[Event "IECC KO email"]
[Site "IECC email"]
[Date "2003.05.23"]
[Round "?"]
[White "Hort, Wolfgang"]
[Black "Oliveira, Ricardo Jorge GB"]
[Result "1-0"]
[WhiteElo "1785"]
[BlackElo "1572"]
[PlyCount "77"]
[EventDate "2003.??.??"]
[EventType "tourn (corr)"]
[EventRounds "6"]
[SourceTitle "Corr 2008"]
[Source "ChessBase"]
[SourceDate "2008.06.24"]
[SourceVersion "1"]
[SourceVersionDate "2008.06.24"]
[SourceQuality "1"]

1. d4 d5 2. c4 Nc6 3. Nf3 Bg4 4. cxd5 Bxf3 5. exf3 Qxd5 6. Be3 0-0-0 7. Nc3 Qa5 8. a3 e6 9. b4 Qf5 10. Bd3 Qf6 11. Ne4 Qe7 12. Qa4 f5 13. Nc5 Qe8 14. b5 Bxc5 15. bxc6 Bb6 16. Ba6 e5 17. Bxb7+ Kb8 18. d5 Qf7 19. Rd1 Rxd5 20. Bxb6 cxb6 21. c7+ Kxb7 22. c8Q+ Kxc8 23. Qc4+ Kb7 24. Qxd5+ Qxd5 25. Rxd5 Nf6 26. Rxe5 Rd8 27. Ke2 Rd5 28. f4 Kc6 29. Re7 Rd7 30. Rc1+ Kd6 31. Rxd7+ Kxd7 32. Kd3 Nd5 33. g3 Nc7 34. f3 Ne6 35. Kc4 Kd6 36. g4 g6 37. gxf5 gxf5 38. Rd1+ Kc6 39. Rd5 1-0

[Event "IECC KO email"]
[Site "IECC email"]
[Date "2003.05.23"]
[Round "?"]
[White "Oliveira, Ricardo Jorge GB"]
[Black "Hort, Wolfgang"]
[Result "1-0"]
[WhiteElo "1565"]
[BlackElo "1809"]
[PlyCount "93"]
[EventDate "2003.??.??"]
[EventType "tourn (corr)"]
[EventRounds "6"]
[SourceTitle "Corr 2008"]
[Source "ChessBase"]
[SourceDate "2008.06.24"]
[SourceVersion "1"]
[SourceVersionDate "2008.06.24"]
[SourceQuality "1"]

1. d4 Nf6 2. c4 g6 3. Nf3 Bg7 4. g3 0-0 5. Bg2 d6 6. 0-0 Nbd7 7. Nc3 e5 8. h3 exd4 9. Nxd4 Re8 10. e4 Nc5 11. Re1 Nfd7 12. f4 Nb6 13. Nb3 Nbd7 14. Re2 Qe7 15. Be3 Bxc3 16. Nxc5 Bxb2 17. Rxb2 Nxc5 18. Bxc5 dxc5 19. e5 c6 20. Qb3 g5 21. Kh2 gxf4 22. gxf4 Kh8 23. Qc3 Rg8 24. Rab1 Qh4 25. Rf1 Rg7 26. f5 Qd4 27. Qxd4 cxd4 28. Rf4 c5 29. Bd5 Rb8 30. e6 f6 31. Rg2 b6 32. Rfg4 Rxg4 33. Rxg4 b5 34. cxb5 Bb7 35. Bc4 Bf3 36. Rf4 Bd1 37. Rf1 Ba4 38. Rf3 Rb7 39. Rg3 Re7 40. Rg2 Bd1 41. Rb2 Kg7 42. Kg3 Kf8 43. Kf4 Rc7 44. Rd2 Bh5 45. a4 Ke7 46. Rg2 Kd6 47. Rg8 1-0

[Event "IECC CL4-2003.02 email"]
[Site "IECC email"]
[Date "2003.02.06"]
[Round "?"]
[White "Oliveira, Ricardo Jorge GB"]
[Black "Fuller, Robert A"]
[Result "1/2-1/2"]
[WhiteElo "1538"]
[BlackElo "1760"]
[PlyCount "103"]
[EventDate "2003.??.??"]
[EventType "tourn (corr)"]
[EventRounds "4"]
[SourceTitle "Corr 2008"]
[Source "ChessBase"]
[SourceDate "2008.06.24"]
[SourceVersion "1"]
[SourceVersionDate "2008.06.24"]
[SourceQuality "1"]

1. d4 Nf6 2. c4 g6 3. g3 Bg7 4. Bg2 0-0 5. Nc3 d6 6. Nf3 Nbd7 7. 0-0 e5 8. e4 c6 9. h3 Re8 10. Be3 exd4 11. Nxd4 Nc5 12. Qc2 Qe7 13. Rfe1 Bd7 14. Nb3 Be6 15. Nxc5 dxc5 16. f4 Bxc4 17. Na4 b5 18. Nxc5 Nd7 19. Nxd7 Qxd7 20. Rad1 Qb7 21. b3 Be6 22. Rd6 Rac8 23. Red1 Bf8 24. R6d2 f6 25. Bc5 Bxc5+ 26. Qxc5 Qe7 27. Rd6 Rcd8 28. Qxc6 Rxd6 29. Rxd6 b4 30. e5 Kf8 31. Qb5 fxe5 32. fxe5 Bf7 33. Qxb4 Kg8 34. Qf4 Qxe5 35. Qxe5 Rxe5 36. Rd8+ Kg7 37. Kf2 Ra5 38. Rd2 Kf6 39. Ke3 g5 40. Rf2+ Ke7 41. Kd4 h5 42. Be4 h4 43. g4 Be6 44. Rc2 Kf6 45. Kc3 Rc5+ 46. Kd4 Ra5 47. Rf2+ Ke7 48. Kc3 Rc5+ 49. Kb4 Re5 50. Bg2 a5+ 51. Ka3 Rc5 52. Re2 1/2-1/2

[Event "IECC CL6-2002.13"]
[Site "IECC email"]
[Date "2002.04.07"]
[Round "?"]
[White "Parwicz, Witold"]
[Black "Oliveira, Ricardo Jorge GB"]
[Result "1-0"]
[WhiteElo "1500"]
[BlackElo "1365"]
[PlyCount "49"]
[EventDate "2002.??.??"]
[EventType "tourn (corr)"]
[EventRounds "4"]
[SourceTitle "Corr 2008"]
[Source "ChessBase"]
[SourceDate "2008.06.24"]
[SourceVersion "1"]
[SourceVersionDate "2008.06.24"]
[SourceQuality "1"]

1. d4 Nf6 2. c4 e6 3. Nc3 c5 4. d5 exd5 5. cxd5 Bd6 6. Nf3 0-0 7. Bg5 Re8 8. e3 a6 9. a4 Bc7 10. Bd3 h6 11. Bh4 d6 12. 0-0 Nbd7 13. h3 Ba5 14. Ne4 Rxe4 15. Bxe4 g5 16. Nxg5 hxg5 17. Bxg5 Qb6 18. Qc2 Nxe4 19. Qxe4 Qxb2 20. Qe8+ Kg7 21. Be7 Qb3 22. f4 Qb2 23. Bxd6 Bc3 24. Rab1 Qd2 25. Rf3 1-0

[Event "IECC CL6-2002.12"]
[Site "IECC email"]
[Date "2002.04.04"]
[Round "?"]
[White "Oliveira, Ricardo Jorge GB"]
[Black "Hulse, David"]
[Result "1-0"]
[WhiteElo "1370"]
[BlackElo "1287"]
[PlyCount "63"]
[EventDate "2002.??.??"]
[EventType "tourn (corr)"]
[EventRounds "4"]
[SourceTitle "Corr 2008"]
[Source "ChessBase"]
[SourceDate "2008.06.24"]
[SourceVersion "1"]
[SourceVersionDate "2008.06.24"]
[SourceQuality "1"]

1. d4 d5 2. c4 e6 3. Bf4 Nf6 4. e3 Bb4+ 5. Nd2 Ne4 6. Ngf3 g5 7. Bg3 g4 8. a3 Nxg3 9. hxg3 Bxd2+ 10. Nxd2 f5 11. Qb3 a6 12. Rh6 Qg5 13. Rxe6+ Bxe6 14. Qxb7 0-0 15. Qxa8 c6 16. cxd5 Bxd5 17. Bxa6 Bxg2 18. Bc4+ Kh8 19. a4 Qh6 20. Qb7 Qh1+ 21. Nf1 c5 22. Qe7 Qh6 23. Qe5+ Qf6 24. Qxf6+ Rxf6 25. dxc5 Nd7 26. b4 Ne5 27. Nd2 Rh6 28. 0-0-0 Nxc4 29. Nxc4 Rh2 30. b5 Bf3 31. c6 Rxf2 32. c7 1-0

[Event "IECC CL6-2002.04"]
[Site "IECC email"]
[Date "2002.02.05"]
[Round "?"]
[White "Wey, Geoffrey"]
[Black "Oliveira, Ricardo Jorge GB"]
[Result "0-1"]
[WhiteElo "1361"]
[BlackElo "1312"]
[PlyCount "40"]
[EventDate "2002.??.??"]
[EventType "tourn (corr)"]
[EventRounds "4"]
[SourceTitle "Corr 2008"]
[Source "ChessBase"]
[SourceDate "2008.06.24"]
[SourceVersion "1"]
[SourceVersionDate "2008.06.24"]
[SourceQuality "1"]

1. d4 Nf6 2. c4 d5 3. Nc3 g6 4. Nf3 Bg7 5. Bf4 0-0 6. cxd5 Nxd5 7. Nxd5 Qxd5 8. Bxc7 Nc6 9. e3 Bf5 10. a3 Rac8 11. Bg3 Na5 12. Bd3 Bxd3 13. Qxd3 Rfd8 14. 0-0 e5 15. Bh4 e4 16. Qd1 exf3 17. Bxd8 fxg2 18. Re1 Rxd8 19. f3 Nc4 20. Kxg2 Nxe3+ 0-1

[Event "IECC CL6-2000.29"]
[Site "IECC email"]
[Date "2000.09.01"]
[Round "?"]
[White "Agnew, George Hartwell"]
[Black "Oliveira, Ricardo Jorge GB"]
[Result "0-1"]
[WhiteElo "1274"]
[BlackElo "1321"]
[PlyCount "44"]
[EventDate "2000.??.??"]
[EventType "tourn (corr)"]
[EventRounds "4"]
[SourceTitle "Corr 2008"]
[Source "ChessBase"]
[SourceDate "2008.06.24"]
[SourceVersion "1"]
[SourceVersionDate "2008.06.24"]
[SourceQuality "1"]

1. d4 d5 2. c4 Nf6 3. Bf4 Bf5 4. e3 c6 5. Nc3 Qb6 6. b3 e6 7. Bd3 Bb4 8. Nge2 Qa5 9. Qc2 Bxd3 10. Qxd3 Ne4 11. Rc1 Qxa2 12. 0-0 Nxc3 13. Nxc3 Qxb3 14. c5 0-0 15. h3 b6 16. cxb6 axb6 17. Rc2 Ra3 18. Rfc1 Nd7 19. f3 Rfa8 20. e4 e5 21. dxe5 d4 22. Qxd4 Bc5 0-1

[Event "IECC CL6-2000.25"]
[Site "IECC email"]
[Date "2000.07.27"]
[Round "?"]
[White "Soldini, Paolo"]
[Black "Oliveira, Ricardo Jorge GB"]
[Result "1/2-1/2"]
[WhiteElo "1334"]
[BlackElo "1320"]
[PlyCount "56"]
[EventDate "2000.??.??"]
[EventType "tourn (corr)"]
[EventRounds "4"]
[SourceTitle "Corr 2008"]
[Source "ChessBase"]
[SourceDate "2008.06.24"]
[SourceVersion "1"]
[SourceVersionDate "2008.06.24"]
[SourceQuality "1"]

1. e4 c5 2. Nf3 d6 3. d4 cxd4 4. Nxd4 Nf6 5. Nc3 Nc6 6. Bg5 Qb6 7. Nb3 e6 8. Be3 Qc7 9. Bf4 a6 10. Bd3 b6 11. Be3 Be7 12. 0-0 Bb7 13. f4 0-0 14. a3 b5 15. Qf3 Rac8 16. Qg3 Nd7 17. Qh3 Nc5 18. Nxc5 dxc5 19. e5 h6 20. Qg3 Rfd8 21. Rad1 Kh8 22. a4 Nb4 23. axb5 Nxd3 24. Rxd3 Rxd3 25. cxd3 Qd7 26. b6 Rc6 27. Na4 Qxd3 28. Qf2 Qe4 1/2-1/2

[Event "IECC CL6-2000.09"]
[Site "IECC email"]
[Date "2000.02.13"]
[Round "?"]
[White "Oliveira, Ricardo Jorge GB"]
[Black "Sullivan, Jerry"]
[Result "1/2-1/2"]
[WhiteElo "1273"]
[BlackElo "1362"]
[PlyCount "91"]
[EventDate "2000.??.??"]
[EventType "tourn (corr)"]
[EventRounds "4"]
[SourceTitle "Corr 2008"]
[Source "ChessBase"]
[SourceDate "2008.06.24"]
[SourceVersion "1"]
[SourceVersionDate "2008.06.24"]
[SourceQuality "1"]

1. d4 Nf6 2. c4 g6 3. Nc3 d5 4. cxd5 Nxd5 5. e4 Nxc3 6. bxc3 Bg7 7. Bb5+ c6 8. Ba4 0-0 9. Ne2 Nd7 10. 0-0 e5 11. Ba3 Re8 12. f3 Nb6 13. Bb3 Be6 14. Qd3 Rc8 15. Rfd1 Qc7 16. Bxe6 Rxe6 17. Rab1 Rd8 18. Bc1 exd4 19. Bf4 Qd7 20. cxd4 Qe7 21. Qb3 h6 22. Be3 Nd5 23. Bf2 Nb6 24. Nf4 Red6 25. e5 R6d7 26. Nxg6 Qg5 27. e6 fxe6 28. Qxe6+ Kh7 29. Nh4 Nd5 30. Rb2 Nf4 31. Qf5+ Kg8 32. Qxg5 hxg5 33. Nf5 b6 34. Be3 Bf6 35. h4 Ne6 36. Bxg5 Nxg5 37. hxg5 Bxg5 38. Re1 Bf6 39. Rc2 Bxd4+ 40. Nxd4 Rxd4 41. Rxc6 Rd2 42. a4 Ra2 43. Rc7 Rxa4 44. Ree7 Ra8 45. Rg7+ Kh8 46. Rh7+ 1/2-1/2

[Event "IECC CL5-2000.10"]
[Site "IECC email"]
[Date "2000.02.03"]
[Round "?"]
[White "Oliveira, Ricardo Jorge GB"]
[Black "Gould, Michael"]
[Result "0-1"]
[WhiteElo "1283"]
[BlackElo "1533"]
[PlyCount "72"]
[EventDate "2000.??.??"]
[EventType "tourn (corr)"]
[EventRounds "4"]
[SourceTitle "Corr 2008"]
[Source "ChessBase"]
[SourceDate "2008.06.24"]
[SourceVersion "1"]
[SourceVersionDate "2008.06.24"]
[SourceQuality "1"]

1. d4 Nf6 2. c4 g6 3. Nc3 d5 4. cxd5 Nxd5 5. e4 Nxc3 6. bxc3 Bg7 7. Bb5+ c6 8. Ba4 0-0 9. Ne2 Nd7 10. 0-0 b5 11. Bb3 e6 12. a4 Bb7 13. Ba3 Re8 14. Qd3 a5 15. f4 Ba6 16. axb5 cxb5 17. Qe3 Qc7 18. Ra2 Nf6 19. Rfa1 a4 20. Bc2 Bb7 21. Bc5 Rec8 22. Bd3 Bc6 23. Bc2 Nd7 24. Ba3 Nb6 25. Bd3 Bd7 26. Bc5 e5 27. Ra3 Bh6 28. Qf2 exd4 29. Bxd4 Nc4 30. Qh4 Bg7 31. R3a2 Bxd4+ 32. cxd4 Qb6 33. Rc1 Nd6 34. Rca1 b4 35. f5 b3 36. fxg6 hxg6 0-1